[Event "TUR-chT"]
[Site "Konya"]
[Date "2011.07.07"]
[Round "11"]
[White "Gaygusuzoglu, Gokhan"]
[Black "Shimanov, Aleksandr"]
[Result "0-1"]
[WhiteElo "1900"]
[BlackElo "2583"]
[PlyCount "70"]
[EventDate "2011.06.28"]
[EventType "team-swiss"]
[EventRounds "13"]
[EventCountry "TUR"]
[SourceTitle "CBM 143 Extra"]
[Source "ChessBase"]
[SourceDate "2011.08.29"]
[SourceVersion "1"]
[SourceVersionDate "2011.08.29"]
[SourceQuality "1"]
[WhiteTeam "Tarsus Zeka"]
[BlackTeam "Manisa Doruk Koleji"]
[WhiteTeamCountry "TUR"]
[BlackTeamCountry "TUR"]

1. e4 c5 2. c3 d5 3. exd5 Qxd5 4. d4 g6 5. Nf3 Bg7 6. Be3 cxd4 7. cxd4 Nf6 8. Nc3 Qd8 9. Be2 0-0 10. 0-0 Be6 11. a3 Nc6 12. b4 Nd5 13. Na4 b6 14. Rc1 Rc8 15. Bb5 Qd6 16. Nb2 Nxe3 17. fxe3 a5 18. Nc4 Bxc4 19. Rxc4 axb4 20. Bxc6 Rxc6 21. Rxc6 Qxc6 22. axb4 Qc3 23. Qd2 Rc8 24. Re1 Bh6 25. Kf2 Qb3 26. Rc1 Bxe3+ 27. Qxe3 Qxe3+ 28. Kxe3 Rxc1 29. Kd3 b5 30. Nd2 e6 31. Ne4 Rc4 32. d5 Rxb4 33. d6 e5 34. d7 Rd4+ 35. Kc3 Kf8 0-1

[Event "TUR-chT"]
[Site "Konya"]
[Date "2011.07.05"]
[Round "9"]
[White "Gaygusuzoglu, Gokhan"]
[Black "Yilmaz, Mustafa"]
[Result "0-1"]
[WhiteElo "1900"]
[BlackElo "2489"]
[PlyCount "76"]
[EventDate "2011.06.28"]
[EventType "team-swiss"]
[EventRounds "13"]
[EventCountry "TUR"]
[SourceTitle "CBM 143 Extra"]
[Source "ChessBase"]
[SourceDate "2011.08.29"]
[SourceVersion "1"]
[SourceVersionDate "2011.08.29"]
[SourceQuality "1"]
[WhiteTeam "Tarsus Zeka"]
[BlackTeam "Istanbul Teknik Uni"]
[WhiteTeamCountry "TUR"]
[BlackTeamCountry "TUR"]

1. e4 b6 2. c4 Bb7 3. Nc3 e6 4. d4 Bb4 5. Qc2 Bxc3+ 6. bxc3 d6 7. Nf3 Nd7 8. Bd3 Ne7 9. Ba3 Ng6 10. c5 dxc5 11. dxc5 Nxc5 12. Bxc5 bxc5 13. Bb5+ c6 14. Bc4 Qa5 15. 0-0 0-0 16. Rfd1 Rad8 17. h4 h6 18. g3 Ne7 19. Rxd8 Rxd8 20. Rd1 Nc8 21. Rxd8+ Qxd8 22. Ne5 Nb6 23. Bb3 Qc7 24. f4 Ba6 25. a4 c4 26. Ba2 Qd6 27. Kg2 f6 28. Nf3 Qa3 29. Qd2 Nxa4 30. Bb1 Qe7 31. e5 f5 32. Nd4 Qd7 33. Qa2 Bb7 34. Kh3 Nxc3 35. Qxc4 Nxb1 36. Nxe6 Qd5 37. Qc1 Qxe6 38. Qxb1 Bc8 0-1

[Event "TUR-chT"]
[Site "Konya"]
[Date "2011.07.04"]
[Round "8"]
[White "Vovk, Andrey"]
[Black "Gaygusuzoglu, Gokhan"]
[Result "1-0"]
[WhiteElo "2545"]
[BlackElo "1900"]
[PlyCount "77"]
[EventDate "2011.06.28"]
[EventType "team-swiss"]
[EventRounds "13"]
[EventCountry "TUR"]
[SourceTitle "CBM 143 Extra"]
[Source "ChessBase"]
[SourceDate "2011.08.29"]
[SourceVersion "1"]
[SourceVersionDate "2011.08.29"]
[SourceQuality "1"]
[WhiteTeam "Adana Truva"]
[BlackTeam "Tarsus Zeka"]
[WhiteTeamCountry "TUR"]
[BlackTeamCountry "TUR"]

1. e4 c6 2. d4 d5 3. e5 Bf5 4. Be3 e6 5. Nd2 Nd7 6. Ngf3 Rc8 7. Be2 Ne7 8. 0-0 Bg6 9. c4 Nf5 10. Bg5 Be7 11. Bxe7 Qxe7 12. Qb3 Nb8 13. Qa4 b6 14. cxd5 exd5 15. b4 0-0 16. Rfe1 c5 17. bxc5 bxc5 18. dxc5 Rxc5 19. Rad1 Nh6 20. Nb3 Bc2 21. Rd2 Bxb3 22. Qxb3 Rfc8 23. Rxd5 Rc3 24. Qa4 Qb7 25. Red1 Rc1 26. Bf1 R1c3 27. Re1 Rc1 28. Red1 Nf5 29. Ng5 h6 30. Qf4 hxg5 31. Qxf5 Re8 32. e6 fxe6 33. Qxg5 Qc7 34. Bb5 Rf8 35. Qe3 e5 36. Qb3 Kh8 37. Qh3+ Kg8 38. Ba4 g6 39. Qh6 1-0

[Event "World ol U16 07th"]
[Site "Mersin"]
[Date "2008.08.18"]
[Round "3"]
[White "Gaygusuzoglu, Gokhan"]
[Black "Amarasena, Kaveesha"]
[Result "1/2-1/2"]
[WhiteElo "1887"]
[BlackElo "1900"]
[PlyCount "101"]
[EventDate "2008.08.17"]
[EventType "team-swiss"]
[EventRounds "10"]
[EventCountry "TUR"]
[SourceTitle "CBM 126 Extra"]
[Source "ChessBase"]
[SourceDate "2008.11.05"]
[SourceVersion "1"]
[SourceVersionDate "2008.11.05"]
[SourceQuality "1"]

1. e4 e6 2. d4 d5 3. Nd2 Nf6 4. e5 Nfd7 5. Bd3 c5 6. c3 Nc6 7. Ne2 cxd4 8. cxd4 f6 9. exf6 Nxf6 10. Nf3 Bd6 11. 0-0 0-0 12. Bf4 Bxf4 13. Nxf4 Ne4 14. Qc1 Bd7 15. Qe3 Ng5 16. Ne5 Nxe5 17. Qxe5 Qf6 18. Nh5 Qxe5 19. dxe5 Nf7 20. f4 Nh6 21. Rf3 Be8 22. Ng3 Rc8 23. h3 Rc7 24. Ne2 Bg6 25. Bxg6 hxg6 26. Nd4 Kf7 27. g4 a6 28. Kf2 Ke7 29. Ke2 Nf7 30. Kd2 Rc4 31. Kd3 Nd8 32. b3 Rc7 33. Kd2 Nf7 34. Rc1 Rfc8 35. Rxc7+ Rxc7 36. g5 Nd8 37. Rc3 Nc6 38. Ke3 Kd7 39. Nf3 Ke7 40. Rc1 Rc8 41. a3 Rh8 42. Rh1 Na5 43. Nd4 Rc8 44. Kd2 Nc6 45. Rc1 Kd7 46. Nf3 Rh8 47. Rh1 Rf8 48. Ke3 Ne7 49. Nd4 Nc6 50. Nf3 Ne7 51. Nd4 1/2-1/2

[Event "TUR-chT"]
[Site "Kocaeli"]
[Date "2008.06.30"]
[Round "11"]
[White "Kucuk, Kaan"]
[Black "Gaygusuzoglu, Gokhan"]
[Result "1-0"]
[WhiteElo "1809"]
[BlackElo "1887"]
[PlyCount "77"]
[EventDate "2008.06.24"]
[EventType "team"]
[EventRounds "15"]
[EventCountry "TUR"]
[SourceTitle "CBM 125 Extra"]
[Source "ChessBase"]
[SourceDate "2008.09.01"]
[SourceVersion "1"]
[SourceVersionDate "2008.09.01"]
[SourceQuality "1"]

1. e4 d5 2. exd5 Nf6 3. Nc3 Nxd5 4. Nf3 Bf5 5. Bc4 e6 6. 0-0 Be7 7. d4 0-0 8. Nxd5 exd5 9. Bd3 Bg4 10. c3 Nd7 11. Bf4 Nf6 12. h3 Bh5 13. Re1 Re8 14. Re3 Bd6 15. Rxe8+ Nxe8 16. Bxd6 Nxd6 17. g4 Bg6 18. Bxg6 fxg6 19. Qb3 c6 20. Re1 Qf6 21. Ne5 Rf8 22. Re2 h5 23. Qc2 Re8 24. Nd7 Qd8 25. Rxe8+ Qxe8 26. Ne5 Ne4 27. f3 Ng5 28. h4 Nh3+ 29. Kh2 Nf4 30. Kg3 g5 31. hxg5 Ne6 32. Qf5 hxg4 33. fxg4 c5 34. Nf3 cxd4 35. Qxd5 dxc3 36. bxc3 Kh8 37. Qxb7 Qf8 38. Qe4 Qd6+ 39. Kf2 1-0

[Event "Olympiad U16 11th"]
[Site "Acri"]
[Date "2006.08.11"]
[Round "8"]
[White "Gaygusuzoglu, Gokhan"]
[Black "Darini, Pouria"]
[Result "0-1"]
[WhiteElo "1843"]
[BlackElo "2212"]
[PlyCount "56"]
[EventDate "2006.08.06"]
[EventType "team"]
[EventRounds "10"]
[EventCountry "TUR"]
[SourceTitle "EXT 2007"]
[Source "ChessBase"]
[SourceDate "2006.11.23"]
[SourceVersion "1"]
[SourceVersionDate "2006.11.23"]
[SourceQuality "1"]
[WhiteTeam "Turkey"]
[BlackTeam "Iran"]
[WhiteTeamCountry "TUR"]
[BlackTeamCountry "IRI"]

1. e4 d5 2. exd5 Nf6 3. Bb5+ Bd7 4. Be2 Nxd5 5. d4 Bf5 6. a3 e6 7. Nf3 Be7 8. 0-0 0-0 9. c4 Nb6 10. Ne5 N8d7 11. f4 c5 12. Be3 cxd4 13. Bxd4 Rc8 14. Nd2 Nxe5 15. Bxe5 Bc5+ 16. Kh1 Be3 17. Nf3 Qxd1 18. Raxd1 Nxc4 19. Bxc4 Rxc4 20. Rd7 Rfc8 21. h3 f6 22. Bd6 e5 23. Rxb7 Rc1 24. Re1 Rxe1+ 25. Nxe1 Rc1 26. Bb4 Bf2 27. Rb8+ Kf7 28. Rf8+ Kg6 0-1

[Event "Olympiad U16 11th"]
[Site "Acri"]
[Date "2006.08.08"]
[Round "5"]
[White "Grandelius, Nils"]
[Black "Gaygusuzoglu, Gokhan"]
[Result "1/2-1/2"]
[WhiteElo "2091"]
[BlackElo "1843"]
[PlyCount "122"]
[EventDate "2006.08.06"]
[EventType "team"]
[EventRounds "10"]
[EventCountry "TUR"]
[SourceTitle "EXT 2007"]
[Source "ChessBase"]
[SourceDate "2006.11.23"]
[SourceVersion "1"]
[SourceVersionDate "2006.11.23"]
[SourceQuality "1"]
[WhiteTeam "Sweden"]
[BlackTeam "Turkey"]
[WhiteTeamCountry "SWE"]
[BlackTeamCountry "TUR"]

1. e4 c6 2. Nf3 d5 3. Nc3 Bg4 4. h3 Bxf3 5. Qxf3 e6 6. d3 Nf6 7. a3 Nbd7 8. g4 h6 9. h4 d4 10. Nd1 Ne5 11. Qg3 Nexg4 12. f3 Ne5 13. c4 Ned7 14. f4 Nc5 15. Bh3 Nh5 16. Qg4 Nxd3+ 17. Kd2 Nf6 18. Qf3 Nxc1 19. Rxc1 a5 20. Re1 Nd7 21. Nf2 Qxh4 22. Rh1 Qd8 23. Rhg1 Qb6 24. Kc2 Nc5 25. Rg3 d3+ 26. Kb1 Rd8 27. Nd1 Nb3 28. Qh5 Qc5 29. e5 Qe7 30. Rc3 g6 31. Rxg6 fxg6 32. Qxg6+ Qf7 33. Qxf7+ Kxf7 34. Rxb3 Be7 35. Rxb7 Rb8 36. Ra7 Ra8 37. Rc7 Rhc8 38. Rd7 Rd8 39. Rc7 Ra6 40. f5 exf5 41. Bxf5 c5 42. Ne3 d2 43. Kc2 Kf8 44. Nd5 Bg5 45. e6 Rad6 46. Kd1 Rxd5 47. Rf7+ Kg8 48. cxd5 Rxd5 49. Bh7+ Kh8 50. e7 Re5 51. Rf8+ Kg7 52. e8Q Re1+ 53. Qxe1 dxe1Q+ 54. Kxe1 Kxf8 55. a4 Ke7 56. b3 Kf6 57. Kf2 Ke5 58. Bg8 Kf4 59. Kg2 h5 60. Bc4 Ke3 61. Kh1 Ke4 1/2-1/2